Mastering Kali Linux for Advanced Penetration Testing: Become a cybersecurity ethical hacking expert using Metasploit, Nmap, Wireshark, and Burp Suite (Record no. 1724195)

MARC details
000 -LEADER
fixed length control field 00657nam a2200229Ia 4500
005 - DATE AND TIME OF LATEST TRANSACTION
control field 20260320201913.0
008 - FIXED-LENGTH DATA ELEMENTS--GENERAL INFORMATION
fixed length control field 008 262003s9999 xx 000 0 eng d
037 ## - SOURCE OF ACQUISITION
Stock number EBOOK
040 ## - CATALOGING SOURCE
Original cataloging agency CRL
040 ## - CATALOGING SOURCE
Language of cataloging eng
040 ## - CATALOGING SOURCE
Transcribing agency CRL
041 ## - LANGUAGE CODE
Source of code eng
041 ## - LANGUAGE CODE
Language code of text/sound track or separate title eng
084 ## - COLON CLASSIFICATION NUMBER
Assigning agency CRL
100 ## - MAIN ENTRY--PERSONAL NAME
Personal name Kumar Velu
9 (RLIN) 1136267
245 #0 - TITLE STATEMENT
Title Mastering Kali Linux for Advanced Penetration Testing: Become a cybersecurity ethical hacking expert using Metasploit, Nmap, Wireshark, and Burp Suite
260 ## - PUBLICATION, DISTRIBUTION, ETC.
Name of publisher, distributor, etc. IEEE
856 ## - ELECTRONIC LOCATION AND ACCESS
Uniform Resource Identifier <a href="https://ieeexplore.ieee.org/servlet/opac?bknumber=10162822">https://ieeexplore.ieee.org/servlet/opac?bknumber=10162822</a>
942 ## - ADDED ENTRY ELEMENTS (KOHA)
Koha item type eBooks
Holdings
Withdrawn status Lost status Damaged status Not for loan Home library Current library Date acquired Total Checkouts Barcode Date last seen Price effective from Koha item type
        Central Library Central Library 2026-03-20   CL2128289 2026-03-20 2026-03-20 eBooks
Copyright @ Delhi University Library System